Loading...
| Literature - World Literature | 0 | 6 | 0 | 0 | 60 | 11 | 51.83 | 2 | 5 |
| Philosophy | 0 | 6 | 1 | 0 | 55 | 18 | 28.83 | 6 | 6 |
| Literature - British Literature | 0 | 4 | 0 | 0 | 40 | 16 | 28.50 | 4 | 4 |
| Literature - European Literature | 0 | 4 | 0 | 0 | 40 | 47 | 52.00 | 3 | 3 |
| Literature - American Literature | 0 | 4 | 0 | 0 | 40 | 14 | 22.00 | 4 | 4 |
| Social Science | 0 | 3 | 0 | 0 | 30 | 38 | 45.00 | 1 | 3 |
| Religion | 0 | 3 | 0 | 0 | 30 | 62 | 72.33 | 1 | 2 |
| Mythology | 0 | 2 | 0 | 0 | 20 | 55 | 55.00 | 0 | 2 |
| Current Events | 0 | 2 | 0 | 2 | 20 | 80 | 94.50 | 0 | 0 |
| Fine Arts - Other Fine Arts | 0 | 1 | 0 | 0 | 10 | 48 | 48.00 | 0 | 0 |
| Pop Culture | 0 | 1 | 0 | 0 | 10 | 59 | 59.00 | 0 | 1 |
| History - Other History | 0 | 1 | 0 | 0 | 10 | 66 | 66.00 | 1 | 1 |
| Painting/Sculpture | 0 | 1 | 0 | 0 | 10 | 68 | 68.00 | 0 | 1 |
| Science - Biology | 0 | 0 | 1 | 0 | -5 | 0.00 | 0 | 0 | |
| History - World History | 0 | 0 | 1 | 0 | -5 | 0.00 | 0 | 0 |